Online
Catalog

Canada : (Record no. 2218)

MARC details
000 -CABECERA
campo de control de longitud fija 00537cam a2200169 a 4500
001 - NÚMERO DE CONTROL
campo de control 000002378
005 - FECHA Y HORA DE LA ÚLTIMA TRANSACCIÓN
campo de control 20200929150206.0
008 - DATOS DE LONGITUD FIJA--INFORMACIÓN GENERAL
campo de control de longitud fija 740402s1970 onc 001 0 eng
040 ## - FUENTE DE LA CATALOGACIÓN
Centro catalogador/agencia de origen DO-SdBNP
Lengua de catalogación spa
Centro/agencia transcriptor BNPHU
082 ## - NÚMERO DE LA CLASIFICACIÓN DECIMAL DEWEY
Número de clasificación 917.103644
Número de documento/Ítem C212a
245 00 - MENCIÓN DE TÍTULO
Título Canada :
Resto del título a guide to the peaceable kingdom /
Mención de responsabilidad, etc. edición de William Kilbourn.
260 ## - PUBLICACIÓN, DISTRIBUCIÓN, ETC.
Lugar de publicación, distribución, etc. Toronto, (Canadá) :
Nombre del editor, distribuidor, etc. Macmillan of Canada,
Fecha de publicación, distribución, etc. 1970.
300 ## - DESCRIPCIÓN FÍSICA
Extensión xviii, 345 p. ;
Dimensiones 24 cm.
651 #4 - PUNTO DE ACCESO ADICIONAL DE MATERIA--NOMBRE GEOGRÁFICO
Nombre geográfico Canada
9 (RLIN) 7558
650 #4 - PUNTO DE ACCESO ADICIONAL DE MATERIA--TÉRMINO DE MATERIA
Término de materia o nombre geográfico como elemento de entrada Viajes
Subdivisión de forma GUÍAS
9 (RLIN) 5045
700 1# - PUNTO DE ACCESO ADICIONAL--NOMBRE DE PERSONA
Nombre de persona Kingdom, William,
Término indicativo de función/relación ed.
9 (RLIN) 7559
Holdings
Estado de retiro Estado de pérdida Restricciones de uso No para préstamo Código de colección Localización permanente Ubicación/localización actual Ubicación en estantería Fecha de adquisición Número de inventario Total de préstamos Signatura topográfica completa Código de barras Fecha visto por última vez Precio válido a partir de Tipo de ítem Koha
      Excluido de préstamo Monografías: Libros y Folletos General General Depósito 17.09.2009 LF1   917.103644 C212a 2378-10 25.06.2020 25.06.2020 No se presta
        Monografías: Libros y Folletos Patrimonio Dominicano Patrimonio Dominicano Orden iniciada 25.05.2017 LF1   917.103644 C212a 2378-20 25.06.2020 25.06.2020 No se presta

Powered by Koha